000 00313nam a22001337a 4500
008 180928b xxu||||| |||| 00| 0 eng d
020 _a9780810853140
041 _aeng
080 _a941
100 _a16
101 _aHIS
245 _aHistorical Dictionary Of The European Union
_cRoy.J
942 _2udc
_cBK
999 _c48697
_d48697